சித்திரம்: தரம் -11/

Saved in:
Bibliographic Details
Main Author: துசியந்தன்,து
Format: Book
Language:English
Tamil
Published: யாழ்ப்பாணம்: புகழ் பப்ளிகேஷன், 2016.
Subjects:
Tags: Add Tag
No Tags, Be the first to tag this record!

MARC

LEADER 00000nam a22000007a 4500
005 20260410123244.0
008 260410b |||||||| |||| 00| 0 eng d
020 |a 9789557888651 
041 |a tam 
082 |a 740  |b துசிய 
100 |a துசியந்தன்,து  |9 89438 
245 |a சித்திரம்:  |b தரம் -11/  |c து.துசியந்தன் 
260 |a யாழ்ப்பாணம்:  |b புகழ் பப்ளிகேஷன்,  |c 2016. 
300 |a iv;91பக்  |c 29.5cm  |b ill;col 
500 |a Purchase 
650 |a சித்திரம் 
942 |c REF 
999 |c 71230  |d 71230